Normal view
MARC view
- Mubashar Ghafoor
Entry Personal Name
001 - CONTROL NUMBER
- control field: 48352
003 - CONTROL NUMBER IDENTIFIER
- control field: NUST
005 - DATE AND TIME OF LATEST TRANSACTION
- control field: 20210314134033.0
008 - FIXED-LENGTH DATA ELEMENTS
- fixed length control field: 210314|| aca||aabn | a|a d
040 ## - CATALOGING SOURCE
- Original cataloging agency: NUST
- Transcribing agency: NUST
100 ## - HEADING--PERSONAL NAME
- Personal name: Mubashar Ghafoor
670 ## - SOURCE DATA FOUND
- Source citation: Work cat.: (NUST): Mubashar Ghafoor , Engineering support plan calculator. , 18 Jul 2014.
